000 00861nam a2200229Ia 4500
003 GCL
008 140319s9999 xx 000 0 ara d
040 _aGCL /
_cGCL
082 0 4 _a253
_bب ف
100 1 _aمحمد ابوالاجفان
245 1 0 _aفصول الاحكام وبيان ما مضى عليه العمل عند الفقهاء والحكام /
_cمحمد ابوالاجفان
700 1 _aالباجى, ابوالوليد سليمان
700 1 _aبن خلف الاندلسى
300 _a322 ص
490 _aالهيئة العامة للاستعلامات
_v0
650 0 4 _aالاسلام
650 0 4 _aالفقه المالكى
650 0 4 _aالمعاملات (فقه أسلامى)
650 0 4 _aالفقه الاسلامى، اصول
650 0 4 _aالباجى,ابوالوليدسليمان الاندلس
942 _2ddc
_cBK
999 _c49144
_d49144